Statistics for Държавите на света

Click here to take the quiz!

General Stats

  • This quiz has been taken 288 times
  • The average score is 128 of 196

Answer Stats

Country % Correct
Канада
94%
Съединени Американски Щати
92%
Русия
92%
Мексико
91%
Китай
90%
Франция
90%
България
90%
Германия
90%
Италия
89%
Сърбия
88%
Бразилия
88%
Македония
87%
Австралия
87%
Португалия
86%
Румъния
86%
Испания
86%
Норвегия
86%
Гърция
86%
Индия
86%
Турция
86%
Обединено Кралство
86%
Австрия
86%
Япония
86%
Украйна
85%
Швеция
84%
Чехия
83%
Дания
83%
Естония
83%
Египет
82%
Ирландия
82%
Литва
82%
Словакия
82%
Словения
82%
Финландия
82%
Аржентина
81%
Чили
81%
Иран
80%
Албания
80%
Латвия
80%
Исландия
80%
Белгия
80%
Босна и Херцеговина
80%
Полша
80%
Молдова
79%
Мадагаскар
79%
Пакистан
78%
Перу
78%
Ирак
78%
Северна Корея
78%
Куба
78%
Южна Корея
78%
Уругвай
77%
Черна Гора
77%
Швейцария
77%
Колумбия
77%
Еквадор
77%
Унгария
77%
Нидерландия
77%
Беларус
77%
Хърватия
77%
Казахстан
76%
Либия
76%
Мароко
76%
Панама
75%
Сирия
75%
Боливия
74%
Индонезия
74%
Венецуела
74%
Армения
73%
Кипър
73%
Монголия
72%
Ватикана
72%
Нигер
72%
Афганистан
72%
Нова Зеландия
71%
Йемен
71%
Малайзия
71%
Малта
71%
Парагвай
71%
Саудитска Арабия
70%
Република Конго
70%
Судан
70%
Оман
70%
Демократична република Конго
70%
Туркменистан
69%
Косово
69%
Южна Африка
69%
Алжир
68%
Виетнам
68%
Нигерия
68%
Люксембург
68%
Филипини
68%
Тайланд
67%
Андора
66%
Чад
66%
Ямайка
66%
Грузия
65%
Гвинея
65%
Непал
65%
Азербайджан
65%
Доминика
65%
Зимбабве
64%
Израел
64%
Бангладеш
64%
Сан Марино
63%
Обединени Арабски Емирства
63%
Йордания
63%
Лихтенщайн
62%
Тунис
62%
Таджикистан
61%
Киргизстан
61%
Кения
61%
Коста Рика
61%
Узбекистан
61%
Сомалия
60%
Хаити
60%
Тайван
60%
Хондурас
60%
Малдиви
59%
Гана
59%
Лаос
59%
Монако
59%
Папуа Нова Гвинея
59%
Суринам
59%
Бутан
59%
Ливан
58%
Мали
58%
Шри Ланка
58%
Танзания
58%
Ангола
58%
Никарагуа
58%
Етиопия
57%
Камбоджа
57%
Ел Салвадор
56%
Сингапур
56%
Южен Судан
56%
Того
55%
Мианмар
54%
Гвиана
54%
Замбия
54%
Еритрея
53%
Лесото
53%
Ботсвана
53%
Катар
53%
Кувейт
53%
Бахрейн
53%
Гватемала
53%
Кот д'Ивоар
53%
Сенегал
52%
Доминиканска Република
52%
Мавритания
51%
Намибия
51%
Белиз
50%
Уганда
50%
Микронезия
50%
Мозамбик
50%
Мавриций
50%
Централноафриканска република
50%
Камерун
50%
Бруней
49%
Тринидад и Тобаго
49%
Либерия
49%
Фиджи
48%
Сейшели
48%
Източен Тимор
48%
Бахамски острови
48%
Джибути
47%
Малави
47%
Тонга
47%
Руанда
46%
Свазиленд
46%
Кирибати
46%
Кабо Верде
45%
Бенин
45%
Гамбия
45%
Екваториална Гвинея
45%
Маршалови острови
45%
Габон
44%
Антигуа и Барбуда
44%
Самоа
43%
Сиера Леоне
43%
Буркина Фасо
43%
Тувалу
42%
Науру
42%
Вануату
41%
Гренада
41%
Гвинея-Бисау
41%
Барбадос
41%
Сейнт Лусия
41%
Сао Томе и Принсипи
40%
Соломонови Острови
40%
Сейнт Китс и Невис
39%
Сейнт Винсент и Гренадини
39%
Бурунди
39%
Палау
38%
Коморски острови
35%

Score Distribution

Percentile by Number Answered

Percent of People with Each Score

Your Score History

You have not taken this quiz